| 000 | 01600nam a2200373 a 4500 | ||
|---|---|---|---|
| 001 | 000045548 | ||
| 003 | DO-SdBNP | ||
| 005 | 20240404093624.0 | ||
| 007 | ta | ||
| 008 | 150414e2006 dr gr s000 0 spa d | ||
| 020 | _a9993422843 | ||
| 040 |
_aDO-SdBNP _bspa _cBNPHU |
||
| 041 | _hspa | ||
| 082 | 4 |
_a346.015097293 _bL615h _222 |
|
| 100 | 1 |
_aLerebours, Grisel _973610 |
|
| 110 |
_aCONAPOFA _982603 |
||
| 245 | 1 | 0 |
_aHacia un código de familia en la República Dominicana / _cGrisel Lerebours, Yeycy Donastorg ; edición Dania Bonelly |
| 260 |
_aSanto Domingo : _bCONAPOFA, _c2006. |
||
| 300 |
_avi, 82 p. ; _c21 cm. |
||
| 490 | 1 |
_aCuadernos de Población y Familia; _v8 |
|
| 500 | _aIncluye referencias bibliográficas y notas al pie de las páginas. | ||
| 500 | _aPerteneció a la biblioteca personal de Erick Landestoy | ||
| 504 | _aBibliografía : p. 77-82 | ||
| 505 | 0 |
_aPor qué un código de protección a las familias dominicanas? -- _tLegislación dominicana sobre familia -- _tCaracterísticas socio-demográficas de las familias dominicanas -- _tServicios sociales -- _tCómo articular el código de familia de la República Dominicana -- |
|
| 590 | _aInventariado, 2022 /LP | ||
| 650 | 0 |
_917171 _aDerecho de familia _zRepública Dominicana |
|
| 700 | 1 | 2 |
_aLerebours, Grisel, _973611 _4ed. |
| 700 | 1 |
_aBonelly, Diana, _4ed. _978654 |
|
| 700 | 1 |
_aYeycy, Donastorg, _973611 |
|
| 710 | 2 |
_aConsejo Nacional de Población y Familia (República Dominicana) _96985 |
|
| 830 | 0 |
_aCuadernos de Población y Familia ; _n8 _973612 |
|
| 910 | _aValidado, 2022 /MFF | ||
| 942 |
_2ddc _cLBS1 |
||
| 999 |
_c45037 _d45037 |
||